| 000 | 02140nam a2200385Ia 4500 | ||
|---|---|---|---|
| 001 | ebr10135405 | ||
| 003 | CaPaEBR | ||
| 006 | m u | ||
| 007 | cr cn||||||||| | ||
| 008 | 041001s2005 nyu sb 001 0 eng d | ||
| 010 | _z 2004043199 | ||
| 020 | _z1403979448 | ||
| 020 | _z140396940X (alk. paper) | ||
| 040 |
_aCaPaEBR _cCaPaEBR |
||
| 035 | _a(OCoLC)560460429 | ||
| 050 | 1 | 4 |
_aNX650.S92 _bR39 2005eb |
| 082 | 0 | 4 |
_a700/.4164 _222 |
| 100 | 1 |
_aRay, Gene, _d1963- |
|
| 245 | 1 | 0 |
_aTerror and the sublime in art and critical theory _h[electronic resource] : _bfrom Auschwitz to Hiroshima to September 11 / _cby Gene Ray. |
| 260 |
_aNew York : _bPalgrave Macmillan, _c2005. |
||
| 300 | _axiv, 188 p. | ||
| 490 | 1 | _aStudies in European culture and history | |
| 504 | _aIncludes bibliographical references and index. | ||
| 505 | 0 | _aIntroduction : the hit -- Ch. 1. Reading the Lisbon earthquake : Adorno, Lyotard, and the contemporary sublime -- Ch. 2. Joseph Beuys and the "after-Auschwitz" sublime -- Ch. 3. Ground Zero : Hiroshima haunts "9/11" -- Ch. 4. Mirroring evil : Auschwitz, art and the "war on terror" -- Ch. 5. Little glass house of horrors : taking Damien Hirst seriously -- Ch. 6. Blasted moments : remarking a Hiroshima image -- Ch. 7. Installing a "new cosmopolitics" : Derrida and the writers -- Ch. 8. Working out and playing through : Boaz Arad's Hitler videos -- Ch. 9. Listening with the third ear : echoes from Ground Zero -- Ch. 10. Conditioning Adorno : "after Auschwitz" now. | |
| 533 |
_aElectronic reproduction. _bPalo Alto, Calif. : _cebrary, _d2009. _nAvailable via World Wide Web. _nAccess may be limited to ebrary affiliated libraries. |
||
| 650 | 0 | _aSublime, The, in art. | |
| 650 | 0 | _aHorror in art. | |
| 650 | 0 | _aPsychic trauma. | |
| 650 | 0 |
_aArts, European _y20th century. |
|
| 650 | 0 |
_aAesthetics, Modern _y20th century. |
|
| 655 | 7 |
_aElectronic books. _2local |
|
| 710 | 2 | _aebrary, Inc. | |
| 830 | 0 | _aStudies in European culture and history. | |
| 856 | 4 | 0 |
_uhttp://site.ebrary.com/lib/rucke/Doc?id=10135405 _zAn electronic book accessible through the World Wide Web; click to view |
| 999 |
_c85057 _d85057 |
||